000 00677nam a22001937a 4500
005 20240417133400.0
008 240417b ||||| |||| 00| 0 eng d
020 _a9789715069090
040 _aBSOP
050 _aRA644.C67
_bP13 2023
245 _aPagtawid :
_bFilipinos in the time of the COVID-19 pandemic /
_cedited by Stephen R. Redillas & Richard Jonathan Taduran.
260 _aManila :
_bUST Publishing House,
_cc2023.
300 _axvi, 309p. :
_bill. ;
_c23cm.
650 _aCOVID-19 (Disease) -- Philippines
650 _aEpidemics -- Economic aspects
700 _aRedillas, Stephen R.
_eeditor
700 _aTaduran, Richard Jonathan
_eeditor
942 _2lcc
_cBK
999 _c52495
_d52495